Statistiken für Städte nach Wahrzeichen #2

Klicken Sie hier um das Quiz zu spielen!

Allgemein

  • Dieses Quiz wurde 4.145 mal gespielt
  • Das Durchschnittsergebnis liegt bei 15 aus 24

Antwortstatistiken

WahrzeichenStadt% Korrekt
FreiheitsstatueNew York City
100%
Hollywood SignLos Angeles
94%
EiffelturmParis
94%
Das Weiße HausWashington D.C.
94%
ElbphilharmonieHamburg
85%
Burj KhalifaDubai
83%
Christus der Erlöser-StatueRio de Janeiro
82%
KlagemauerJerusalem
81%
TrevibrunnenRom
75%
Trafalgar SquareLondon
74%
Die Verbotene StadtPeking
74%
KarlsbrückePrag
69%
AlcatrazSan Francisco
69%
MarkusplatzVenedig
61%
Die KaabaMekka
55%
Die Große SphinxGizeh
51%
Basilius-KathedraleMoskau
42%
Die EremitageSt. Petersburg
38%
Tahrir-PlatzKairo
32%
GracelandMemphis
32%
Ryugyong HotelPjöngjang
29%
Bourbon StreetNew Orleans
26%
LotustempelNeu-Delhi
20%
Burns MonumentEdinburgh
11%

Verteilung der Resultate

Perzentil nach korrekt beantworteten Fragen

Anzahl Personen mit jedem Resultat

Ihre Resultats-Entwicklung

Sie haben dieses Quiz noch nicht gespielt